2022 FIFA World Cup Group E - Germany - Japan - Statistics

General Stats
  • This quiz has been taken 96 times
  • The average score is 20 of 34
Answer Stats
Player % Correct
Manuel Neuer
97%
Antonio Rüdiger
92%
Joshua Kimmich
92%
Thomas Müller
91%
Serge Gnabry
86%
Jamal Musiala
82%
Kai Havertz
81%
David Raum
78%
Leon Goretzka
78%
Niklas Süle
78%
İlkay Gündoğan ¹
76%
Hansi Flick
73%
Nico Schlotterbeck
70%
Niclas Füllkrug
69%
Junya Ito
58%
Daichi Kamada
49%
Daizen Maeda
49%
Ritsu Dōan ¹
49%
Takehiro Tomiyasu
49%
Wataru Endo
49%
Kaoru Mitoma
46%
Maya Yoshida
46%
Takefusa Kubo
46%
Takumi Minamino
46%
Takuma Asano ¹
43%
Mario Götze
42%
Hiroki Sakai
41%
Yuto Nagatomo
39%
Youssoufa Moukoko
38%
Ko Itakura
36%
Shūichi Gonda
35%
Jonas Hofmann
34%
Ao Tanaka
30%
Hajime Moriyasu
22%
No matching quizzes found
Score Distribution
Percent of People with Each Score
Percentile by Number Answered
Your Score History
You have not taken this quiz